[Event "SVK-chT3A2 1314"]
[Site "Slovakia"]
[Date "2013.12.15"]
[Round "5.4"]
[White "Pribila, Michal"]
[Black "Kovarik, Otto"]
[Result "1-0"]
[WhiteElo "2081"]
[BlackElo "1925"]
[PlyCount "88"]
[EventDate "2013.10.13"]
[EventType "team-tourn"]
[EventRounds "11"]
[EventCountry "SVK"]
[SourceTitle "EXT 2015"]
[Source "ChessBase"]
[SourceDate "2014.11.20"]
[SourceVersion "1"]
[SourceVersionDate "2014.11.20"]
[SourceQuality "1"]
[WhiteTeam "Gbely Nafta"]
[BlackTeam "Holic"]
[WhiteTeamCountry "SVK"]
[BlackTeamCountry "SVK"]

1. e4 c5 2. c3 e6 3. d4 Qc7 4. Nf3 d6 5. Na3 a6 6. Bf4 Nf6 7. Bd3 Be7 8. dxc5 Qxc5 9. 0-0 0-0 10. Qe2 b5 11. Nc2 Bb7 12. a4 bxa4 13. Rxa4 Qb6 14. Rfa1 d5 15. exd5 Nxd5 16. Bc1 Bf6 17. Nb4 a5 18. Nxd5 Bxd5 19. Nd2 Nd7 20. Ne4 Be7 21. Bc2 g6 22. h4 Bc6 23. Rd4 e5 24. Rd1 Bxh4 25. Bh6 Rfe8 26. Be3 Qb7 27. Nd6 Qxb2 28. Nxe8 Rxe8 29. Qc4 Bb5 30. Qxh4 Qxc2 31. c4 Bc6 32. Rdc1 Qf5 33. Rxa5 Qe6 34. Ra6 f5 35. f3 Rc8 36. Qe1 Qe7 37. c5 Nf6 38. Bg5 Kg7 39. Qd2 Rd8 40. Qa5 Qd7 41. Ra7 Bb7 42. Rxb7 Qxb7 43. Bxf6+ Kxf6 44. Qxd8+ Kg7 1-0

[Event "SVK-chT3A2 1213"]
[Site "Slovakia"]
[Date "2013.03.10"]
[Round "10.3"]
[White "Pribila, Michal"]
[Black "Gasa, Patrik"]
[Result "1/2-1/2"]
[WhiteElo "2110"]
[BlackElo "1906"]
[PlyCount "119"]
[EventDate "2012.10.07"]
[EventType "team-tourn"]
[EventRounds "11"]
[EventCountry "SVK"]
[SourceTitle "EXT 2015"]
[Source "ChessBase"]
[SourceDate "2014.11.20"]
[SourceVersion "1"]
[SourceVersionDate "2014.11.20"]
[SourceQuality "1"]
[WhiteTeam "Gbely Nafta"]
[BlackTeam "Senica SK"]
[WhiteTeamCountry "SVK"]
[BlackTeamCountry "SVK"]

1. e4 c5 2. c3 Nf6 3. Bd3 Nc6 4. Nf3 Qc7 5. Bc2 d5 6. exd5 Nxd5 7. d4 cxd4 8. Nxd4 Qe5+ 9. Qe2 Qxe2+ 10. Nxe2 e5 11. 0-0 Be7 12. Nd2 Be6 13. Re1 0-0 14. Ng3 g6 15. Nde4 Rad8 16. Ng5 Bc8 17. Nf3 f6 18. h4 Rfe8 19. h5 Kg7 20. hxg6 hxg6 21. Nh4 f5 22. Nf3 Bf6 23. Bg5 Bxg5 24. Nxg5 Kf6 25. Nf3 e4 26. Nh2 Nf4 27. Rad1 Ne5 28. Nhf1 Ned3 29. Bxd3 exd3 30. Rxe8 Rxe8 31. Nd2 b5 32. f3 Ne2+ 33. Nxe2 Rxe2 34. Nb3 Rxb2 35. Rxd3 Rxa2 36. Rd6+ Kf7 37. Nd4 a6 38. Nc6 Be6 39. Nd8+ Ke7 40. Rxe6+ Kxd8 41. Rxg6 a5 42. Rb6 Rb2 43. Ra6 Ra2 44. Rb6 Rb2 45. Ra6 a4 46. c4 bxc4 47. Rxa4 c3 48. Rc4 c2 49. Kh2 Ke7 50. Kh3 Kf6 51. g4 fxg4+ 52. fxg4 Kg5 53. Rc5+ Kf4 54. g5 Ke3 55. Kg4 Kd3 56. Kh5 Rb1 57. Kh6 c1Q 58. Rxc1 Rxc1 59. g6 Rh1+ 60. Kg5 1/2-1/2

[Event "SVK-chT3A2 1011"]
[Site "Slovakia"]
[Date "2011.04.03"]
[Round "11.3"]
[White "Nemsak, Denis"]
[Black "Pribila, Michal"]
[Result "1-0"]
[WhiteElo "1791"]
[BlackElo "2103"]
[PlyCount "78"]
[EventDate "2010.10.17"]
[EventType "team-tourn"]
[EventRounds "11"]
[EventCountry "SVK"]
[SourceTitle "EXT 2019"]
[Source "ChessBase"]
[SourceDate "2018.10.10"]
[SourceVersion "1"]
[SourceVersionDate "2018.10.10"]
[SourceQuality "1"]
[WhiteTeam "Piestany Kupele II"]
[BlackTeam "Gbely Nafta"]
[WhiteTeamCountry "SVK"]
[BlackTeamCountry "SVK"]

1. c4 e6 2. e4 d5 3. exd5 exd5 4. cxd5 Nf6 5. Bb5+ Bd7 6. Bc4 Bd6 7. Nc3 a6 8. a4 0-0 9. Nge2 Bg4 10. f3 Bh5 11. 0-0 Nbd7 12. d4 Re8 13. Nf4 Nb6 14. Ba2 Bxf4 15. Bxf4 Rc8 16. Bg5 Qd6 17. Bxf6 Qxf6 18. a5 Nd7 19. Qd2 Bg6 20. Rae1 Qh4 21. g3 Qf6 22. Ne4 Qd8 23. d6 Nf8 24. Qf4 Ne6 25. Bxe6 fxe6 26. d7 Qxd7 27. Nc5 Qc6 28. Re5 Rcd8 29. Rfe1 Bf7 30. Qg4 h5 31. Qf4 b6 32. axb6 Qxb6 33. b3 a5 34. Qe4 Qb4 35. Nxe6 Rd7 36. Kg2 Rde7 37. Nxc7 Rxe5 38. dxe5 Qxe4 39. Rxe4 Rc8 1-0

[Event "SVK-chT3A2 1011"]
[Site "Slovakia"]
[Date "2010.12.12"]
[Round "5.2"]
[White "Gasa, Andrej"]
[Black "Pribila, Michal"]
[Result "1/2-1/2"]
[WhiteElo "2256"]
[BlackElo "2103"]
[PlyCount "92"]
[EventDate "2010.10.17"]
[EventType "team-tourn"]
[EventRounds "11"]
[EventCountry "SVK"]
[SourceTitle "EXT 2012"]
[Source "ChessBase"]
[SourceDate "2011.11.24"]
[SourceVersion "1"]
[SourceVersionDate "2011.11.24"]
[SourceQuality "1"]
[WhiteTeam "Senica SK"]
[BlackTeam "Gbely Nafta"]
[WhiteTeamCountry "SVK"]
[BlackTeamCountry "SVK"]

1. d4 c5 2. dxc5 e6 3. g3 Bxc5 4. Bg2 Nf6 5. Nf3 Nc6 6. 0-0 d5 7. c4 0-0 8. a3 dxc4 9. Qc2 Qb6 10. e3 Bd7 11. Nbd2 Na5 12. Ne5 Bb5 13. Ndxc4 Nxc4 14. Nxc4 Qa6 15. b3 Rac8 16. Bb2 Be7 17. Rfc1 Nd7 18. a4 Bxc4 19. bxc4 Rc7 20. a5 Rfc8 21. Qa4 b6 22. Rd1 Nf6 23. Qb5 Qxb5 24. cxb5 bxa5 25. Rxa5 Bc5 26. Be5 Re7 27. Bc6 Ng4 28. Bb2 f6 29. Rd7 Rc7 30. Rd8+ Kf7 31. Ra6 Ne5 32. Bxe5 fxe5 33. Kf1 Bb6 34. Rh8 h6 35. Ra2 Kf6 36. Ke2 e4 37. Ra4 e5 38. Rxe4 a6 39. Rf8+ Ke6 40. h4 axb5 41. Bxb5 Kd5 42. Ra4 Rc2+ 43. Kf1 Rb2 44. Bc4+ Kd6 45. Bd3 Rc7 46. Ra1 Ke7 1/2-1/2

[Event "SVK-chT3A2 1011"]
[Site "Slovakia"]
[Date "2010.11.14"]
[Round "3.2"]
[White "Meszaros, Lorant"]
[Black "Pribila, Michal"]
[Result "1-0"]
[WhiteElo "2076"]
[BlackElo "2103"]
[PlyCount "81"]
[EventDate "2010.10.17"]
[EventType "team-tourn"]
[EventRounds "11"]
[EventCountry "SVK"]
[SourceTitle "EXT 2012"]
[Source "ChessBase"]
[SourceDate "2011.11.24"]
[SourceVersion "1"]
[SourceVersionDate "2011.11.24"]
[SourceQuality "1"]
[WhiteTeam "Potonska Veza"]
[BlackTeam "Gbely Nafta"]
[WhiteTeamCountry "SVK"]
[BlackTeamCountry "SVK"]

1. d4 c5 2. d5 Nf6 3. c4 e6 4. Nc3 exd5 5. cxd5 d6 6. Nf3 g6 7. Nd2 a6 8. a4 Bg7 9. g3 0-0 10. Bg2 Nbd7 11. 0-0 Rb8 12. Nde4 Nb6 13. Nxd6 Qxd6 14. Bf4 Qd8 15. Bxb8 Bg4 16. Bf4 Re8 17. f3 Bc8 18. e4 Nfd7 19. Qc2 Nc4 20. Rfe1 Qb6 21. Rab1 Bd4+ 22. Kh1 Qf6 23. Ne2 b5 24. Nxd4 cxd4 25. Rbd1 Bb7 26. b3 Ne3 27. Bxe3 dxe3 28. Rxe3 Rc8 29. Qe2 bxa4 30. e5 Nxe5 31. Rxe5 axb3 32. Re8+ Rxe8 33. Qxe8+ Kg7 34. f4 Qb6 35. Qe7 Kg8 36. d6 b2 37. Rb1 Bxg2+ 38. Kxg2 Qc6+ 39. Kh3 Qc8+ 40. f5 gxf5 41. Rxb2 1-0

[Event "SVK-chT3A2 0910"]
[Site "Slovakia"]
[Date "2009.12.20"]
[Round "9.3"]
[White "Pribila, Michal"]
[Black "Bahna, Jan"]
[Result "1/2-1/2"]
[WhiteElo "2093"]
[BlackElo "1960"]
[PlyCount "67"]
[EventDate "2009.10.18"]
[EventType "team-tourn"]
[EventRounds "11"]
[EventCountry "SVK"]
[SourceTitle "EXT 2011"]
[Source "ChessBase"]
[SourceDate "2010.11.26"]
[SourceVersion "1"]
[SourceVersionDate "2010.11.26"]
[SourceQuality "1"]
[WhiteTeam "Gbely"]
[BlackTeam "Trnava III"]
[WhiteTeamCountry "SVK"]
[BlackTeamCountry "SVK"]

1. e4 e5 2. Nf3 Nc6 3. d4 exd4 4. Nxd4 d6 5. Bc4 Nf6 6. Nc3 Be7 7. f3 0-0 8. Be3 a6 9. Nxc6 bxc6 10. Qd2 Be6 11. Bxe6 fxe6 12. 0-0 d5 13. exd5 exd5 14. Ne2 c5 15. c3 c6 16. b4 Nd7 17. a3 Bd6 18. Bf2 Qc7 19. Bg3 Rae8 20. Bxd6 Qxd6 21. Rfe1 Re6 22. Ng3 Rg6 23. Rad1 cxb4 24. axb4 Ne5 25. Qe2 Nc4 26. Qe7 a5 27. Qxd6 Rxd6 28. bxa5 Nxa5 29. Ne4 Re6 30. Nc5 Rxe1+ 31. Rxe1 Rb8 32. Re7 Rb5 33. Ne6 Rb7 34. Rxb7 1/2-1/2

[Event "SVK-chT3A2 0910"]
[Site "Slovakia"]
[Date "2009.10.24"]
[Round "2.2"]
[White "Pribila, Michal"]
[Black "Hecko, Dusan"]
[Result "1/2-1/2"]
[WhiteElo "2093"]
[BlackElo "2115"]
[PlyCount "54"]
[EventDate "2009.10.18"]
[EventType "team-tourn"]
[EventRounds "11"]
[EventCountry "SVK"]
[SourceTitle "EXT 2011"]
[Source "ChessBase"]
[SourceDate "2010.11.26"]
[SourceVersion "1"]
[SourceVersionDate "2010.11.26"]
[SourceQuality "1"]
[WhiteTeam "Gbely"]
[BlackTeam "Osuske II"]
[WhiteTeamCountry "SVK"]
[BlackTeamCountry "SVK"]

1. e4 e5 2. Nf3 Nc6 3. d4 exd4 4. Nxd4 Nf6 5. Nxc6 bxc6 6. e5 Nd5 7. c4 Bb4+ 8. Bd2 Bxd2+ 9. Qxd2 Ne7 10. Bd3 d6 11. exd6 cxd6 12. 0-0 0-0 13. Nc3 d5 14. cxd5 cxd5 15. Rfd1 Be6 16. Ne2 Qb6 17. Nf4 Rad8 18. Re1 Rd6 19. Re3 d4 20. Re5 Nd5 21. Nh5 Qd8 22. Rg5 g6 23. Rg3 Nf6 24. Nf4 Qd7 25. h4 Bf5 26. Re1 Bxd3 27. Qxd3 Re8 1/2-1/2

[Event "SVK-chT3A2 0809"]
[Site "Slovakia"]
[Date "2009.03.08"]
[Round "9.2"]
[White "Pribila, Michal"]
[Black "Cechovic, Stefan"]
[Result "1/2-1/2"]
[WhiteElo "2099"]
[BlackElo "2186"]
[PlyCount "110"]
[EventDate "2008.10.19"]
[EventType "team-tourn"]
[EventRounds "11"]
[EventCountry "SVK"]
[SourceTitle "EXT 2010"]
[Source "ChessBase"]
[SourceDate "2010.11.25"]
[SourceVersion "1"]
[SourceVersionDate "2010.11.25"]
[SourceQuality "1"]
[WhiteTeam "Gbely Nafta"]
[BlackTeam "Cifer"]
[WhiteTeamCountry "SVK"]
[BlackTeamCountry "SVK"]

1. e4 e5 2. Nf3 Nc6 3. d4 exd4 4. Nxd4 Nf6 5. Nxc6 bxc6 6. e5 Nd5 7. c4 Bb4+ 8. Nd2 Nf4 9. a3 Be7 10. Ne4 Ng6 11. Qd4 0-0 12. Be3 f5 13. exf6 Bxf6 14. Nxf6+ Qxf6 15. Qxf6 Rxf6 16. 0-0-0 d6 17. Be2 c5 18. Bf3 Rb8 19. Bd5+ Kh8 20. Rhe1 h6 21. Bd2 Bb7 22. Bxb7 Rxb7 23. f3 Rf8 24. Bc3 Rf4 25. Re4 Kg8 26. Rde1 Kf7 27. Kc2 Rxe4 28. Rxe4 Rb8 29. g3 c6 30. f4 Nf8 31. b4 cxb4 32. axb4 Ne6 33. f5 Nc7 34. Rg4 Rg8 35. Rg6 Ne8 36. c5 dxc5 37. bxc5 Nc7 38. Rxc6 Nd5 39. Ra6 Ne3+ 40. Kd3 Nxf5 41. Rxa7+ Ke6 42. Ke4 Ne7 43. Ra6+ Kf7 44. g4 Rc8 45. Bd4 Nc6 46. Rb6 g6 47. Kd5 Ne7+ 48. Kc4 h5 49. Rf6+ Ke8 50. gxh5 gxh5 51. Rh6 Kd7 52. Rxh5 Ra8 53. Bc3 Rb8 54. Be5 Rb1 55. Bd6 Rc1+ 1/2-1/2

[Event "SVK-chT3A2 0809"]
[Site "Slovakia"]
[Date "2009.03.01"]
[Round "8.1"]
[White "Mihalik, Marek"]
[Black "Pribila, Michal"]
[Result "1/2-1/2"]
[WhiteElo "2098"]
[BlackElo "2099"]
[PlyCount "97"]
[EventDate "2008.10.19"]
[EventType "team-tourn"]
[EventRounds "11"]
[EventCountry "SVK"]
[SourceTitle "EXT 2010"]
[Source "ChessBase"]
[SourceDate "2010.11.25"]
[SourceVersion "1"]
[SourceVersionDate "2010.11.25"]
[SourceQuality "1"]
[WhiteTeam "Piestany Kupele II"]
[BlackTeam "Gbely Nafta"]
[WhiteTeamCountry "SVK"]
[BlackTeamCountry "SVK"]

1. d4 Nf6 2. c4 g6 3. Nc3 Bg7 4. e4 d6 5. h3 0-0 6. Bg5 Nbd7 7. Nf3 e5 8. d5 h6 9. Be3 Nc5 10. Qc2 a5 11. Be2 Nh5 12. g3 b6 13. Nd2 Nf6 14. 0-0-0 Bd7 15. g4 Nh7 16. Rdg1 a4 17. Nf1 c6 18. Ng3 a3 19. b4 cxd5 20. exd5 Na4 21. Nge4 Nxc3 22. Qxc3 Qc7 23. h4 f6 24. Ng3 Kh8 25. f3 Rfc8 26. Kd2 Be8 27. Rc1 Bf7 28. h5 g5 29. Nf5 Bf8 30. Bd3 Qb7 31. Be4 b5 32. Qd3 bxc4 33. Rxc4 Rxc4 34. Qxc4 Rc8 35. Qb3 Qa6 36. b5 Qa5+ 37. Kd3 Be8 38. Rb1 Rb8 39. b6 Ba4 40. Qb4 Qa6+ 41. Qc4 Bc2+ 42. Kc3 Rc8 43. Rb4 Rxc4+ 44. Rxc4 Ba4 45. Rc7 Qa5+ 46. Kd3 Bb5+ 47. Kc2 Ba4+ 48. Kd3 Bb5+ 49. Kc2 1/2-1/2

[Event "SVK-chT3A2 0607"]
[Site "Slovakia"]
[Date "2007.03.25"]
[Round "11"]
[White "Kovacocy, Pavol"]
[Black "Pribila, Michal"]
[Result "1-0"]
[WhiteElo "2266"]
[BlackElo "2095"]
[PlyCount "89"]
[EventDate "2006.10.08"]
[EventType "team-tourn"]
[EventRounds "11"]
[EventCountry "SVK"]
[SourceTitle "EXT 2008"]
[Source "ChessBase"]
[SourceDate "2007.11.25"]
[SourceVersion "1"]
[SourceVersionDate "2007.11.25"]
[SourceQuality "1"]
[WhiteTeam "Cifer"]
[BlackTeam "Gbely"]
[WhiteTeamCountry "SVK"]
[BlackTeamCountry "SVK"]

1. e4 c5 2. Nf3 d6 3. d4 cxd4 4. Nxd4 Nf6 5. Nc3 a6 6. Be2 e6 7. 0-0 Be7 8. f4 Nbd7 9. Kh1 Qc7 10. a4 b6 11. g4 Bb7 12. Bf3 Nc5 13. Qe2 h6 14. Qg2 e5 15. Nf5 g6 16. Nxe7 Qxe7 17. g5 hxg5 18. fxg5 Nh5 19. Nd5 Bxd5 20. exd5 Rc8 21. Ra3 a5 22. Bg4 Rc7 23. Rh3 Qf8 24. Qe2 Qg7 25. Qb5+ Nd7 26. Rc3 Ra7 27. Bxd7+ Rxd7 28. Rc8+ Ke7 29. Rxh8 Qxh8 30. Rxf7+ Kxf7 31. Qxd7+ Kg8 32. Qd8+ Kh7 33. Qxh8+ Kxh8 34. Be3 e4 35. Kg1 Kg7 36. Kf1 Kf7 37. Bxb6 Nf4 38. c4 Nd3 39. b3 Nc1 40. Bxa5 Nxb3 41. Bb4 Ke7 42. a5 Kd7 43. h4 Nd4 44. a6 Kc7 45. Bxd6+ 1-0

[Event "Bratislava Doprastav op"]
[Site "Bratislava"]
[Date "2006.06.26"]
[Round "4"]
[White "Bednar, Jan"]
[Black "Pribila, Michal"]
[Result "1-0"]
[WhiteElo "2146"]
[BlackElo "2011"]
[PlyCount "87"]
[EventDate "2006.06.24"]
[EventType "swiss"]
[EventRounds "9"]
[EventCountry "SVK"]
[SourceTitle "EXT 2008"]
[Source "ChessBase"]
[SourceDate "2007.11.25"]
[SourceVersion "1"]
[SourceVersionDate "2007.11.25"]
[SourceQuality "1"]

1. d4 d5 2. c4 c6 3. Nc3 Nf6 4. Nf3 e6 5. Bg5 Nbd7 6. e3 Qa5 7. Nd2 Bb4 8. Qc2 dxc4 9. Bxf6 Nxf6 10. Nxc4 Qc7 11. a3 Bxc3+ 12. Qxc3 Nd5 13. Qc2 Nb6 14. Ne5 Nd7 15. f4 Nxe5 16. fxe5 Qe7 17. Qe4 Bd7 18. Bd3 g6 19. 0-0 0-0 20. Rf6 c5 21. Qh4 Kh8 22. Raf1 Bc6 23. Bxg6 fxg6 24. Rxf8+ Qxf8 25. Rxf8+ Rxf8 26. Qe7 Re8 27. Qxc5 a6 28. h3 Kg8 29. Qd6 Bd5 30. a4 h5 31. h4 Kf7 32. Kh2 Re7 33. Kg3 Ke8 34. Kf4 Bxg2 35. Kg5 Be4 36. Kf4 Bc2 37. e4 Bxa4 38. d5 Kf7 39. Kg5 Bd7 40. Qb8 exd5 41. exd5 Bf5 42. Qh8 Re8 43. Qh7+ Kf8 44. Kf6 1-0

[Event "Bratislava Doprastav op"]
[Site "Bratislava"]
[Date "2006.06.24"]
[Round "1"]
[White "Pribila, Michal"]
[Black "Pinter, Erik"]
[Result "1/2-1/2"]
[WhiteElo "2011"]
[BlackElo "2389"]
[PlyCount "117"]
[EventDate "2006.06.24"]
[EventType "swiss"]
[EventRounds "9"]
[EventCountry "SVK"]
[SourceTitle "EXT 2008"]
[Source "ChessBase"]
[SourceDate "2007.11.25"]
[SourceVersion "1"]
[SourceVersionDate "2007.11.25"]
[SourceQuality "1"]

1. e4 c5 2. Nf3 d6 3. c3 Nf6 4. Be2 Nbd7 5. d3 b6 6. a4 a6 7. Nbd2 Bb7 8. Qb3 e6 9. 0-0 Be7 10. Re1 0-0 11. Bf1 Rc8 12. h3 Qc7 13. c4 Rfe8 14. a5 bxa5 15. Qa4 Qb8 16. Qxa5 Bd8 17. Qa3 Bc7 18. b4 Bb6 19. bxc5 Nxc5 20. Rb1 Qa7 21. Bb2 e5 22. Kh2 Ncd7 23. d4 exd4 24. Bd3 Ne5 25. Nxe5 dxe5 26. Nb3 Qa8 27. f3 Nd7 28. Rec1 Qa7 29. Qa2 Nc5 30. Nxc5 Bxc5 31. Ba3 Rc7 32. Rc2 Bc8 33. Bb4 Bxb4 34. Rxb4 Bd7 35. Qa5 Rc5 36. Qa3 Bc8 37. Rcb2 Qc7 38. Qa4 Kf8 39. Qa3 Qe7 40. Rb8 Rc6 41. Qa5 Qc5 42. Qd2 h6 43. Ra2 Rb6 44. Rxb6 Qxb6 45. Ra5 Qb8 46. c5 Re6 47. Bc4 Rg6 48. Qa2 Qc7 49. Qa3 Kg8 50. Qb4 Kh7 51. Bd5 Qe7 52. Qd2 Bd7 53. Bc4 Bc8 54. Bd5 Be6 55. c6 Qa7 56. f4 exf4 57. Qxf4 Rf6 58. Qd2 d3 59. Qxd3 1/2-1/2

[Event "SVK-chT2A 0506"]
[Site "Slovakia"]
[Date "2006.03.12"]
[Round "11"]
[White "Pribila, Michal"]
[Black "Slamena, Michal"]
[Result "1/2-1/2"]
[WhiteElo "2011"]
[BlackElo "2063"]
[PlyCount "22"]
[EventDate "2005.10.22"]
[EventType "team-tourn"]
[EventRounds "11"]
[EventCountry "SVK"]
[SourceTitle "EXT 2009"]
[Source "ChessBase"]
[SourceDate "2008.11.26"]
[SourceVersion "1"]
[SourceVersionDate "2008.11.26"]
[SourceQuality "1"]

1. e4 e5 2. Nf3 Nc6 3. Bb5 Nf6 4. 0-0 Nxe4 5. d4 exd4 6. Re1 d5 7. Nxd4 Bd6 8. Nxc6 Bxh2+ 9. Kxh2 Qh4+ 10. Kg1 Qxf2+ 11. Kh2 Qh4+ 1/2-1/2

[Event "SVK-chT2A 0506"]
[Site "Slovakia"]
[Date "2005.11.27"]
[Round "4.5"]
[White "Pribila, Michal"]
[Black "Bronis, Marian"]
[Result "1/2-1/2"]
[WhiteElo "2011"]
[BlackElo "2133"]
[PlyCount "131"]
[EventDate "2005.10.22"]
[EventType "team-tourn"]
[EventRounds "11"]
[EventCountry "SVK"]
[SourceTitle "EXT 2009"]
[Source "ChessBase"]
[SourceDate "2008.11.26"]
[SourceVersion "1"]
[SourceVersionDate "2008.11.26"]
[SourceQuality "1"]

1. e4 c5 2. Nf3 e6 3. d4 cxd4 4. Nxd4 Nc6 5. Nc3 d6 6. Be3 Nf6 7. g4 Nxd4 8. g5 Nxe4 9. Nxe4 Nf5 10. Bd2 Bd7 11. Bd3 Be7 12. Rg1 Qb6 13. b3 Bb5 14. c4 Bc6 15. Rg4 0-0-0 16. b4 h5 17. Rg1 Bxe4 18. Bxe4 Qd4 19. Bxf5 exf5 20. Be3 Qc3+ 21. Bd2 Qe5+ 22. Kf1 Qxh2 23. Qf3 Rd7 24. Bf4 Qh4 25. Rg3 f6 26. g6 d5 27. c5 Bd8 28. b5 Bc7 29. c6 Re7 30. cxb7+ Kb8 31. Bxc7+ Rxc7 32. Qxd5 Qe4 33. Qxe4 fxe4 34. Re1 Rc4 35. Rge3 Rh6 36. Rh3 Kxb7 37. Rd1 Rxg6 38. Rxh5 Rg4 39. Rhd5 Rf4 40. Ke2 Rf3 41. Rd7+ Rc7 42. a4 Rb3 43. R1d5 Ra3 44. Rd4 f5 45. R4d5 g6 46. R5d6 Rxa4 47. Rxc7+ Kxc7 48. Rxg6 Ra5 49. Rc6+ Kd7 50. Rf6 Rxb5 51. Rf7+ Ke6 52. Rxa7 Ke5 53. Ra2 Rb3 54. Ra5+ Kf4 55. Ra2 Kg4 56. Ra8 Rb1 57. Rg8+ Kf4 58. Rg3 Rb2+ 59. Ke1 Ke5 60. Ra3 Kf6 61. f3 exf3 62. Rxf3 Kg5 63. Kf1 Kg4 64. Ra3 f4 65. Rc3 f3 66. Rc8 1/2-1/2

[Event "Piestany op"]
[Site "Piestany"]
[Date "2004.11.21"]
[Round "7"]
[White "Zdrazil, Bohumir"]
[Black "Pribila, Michal"]
[Result "1/2-1/2"]
[WhiteElo "1965"]
[BlackElo "2058"]
[PlyCount "85"]
[EventDate "2004.11.17"]
[EventType "swiss"]
[EventRounds "7"]
[EventCountry "SVK"]
[SourceTitle "EXT 2006"]
[Source "ChessBase"]
[SourceDate "2005.11.24"]
[SourceVersion "1"]
[SourceVersionDate "2005.11.24"]
[SourceQuality "1"]

1. Nf3 Nf6 2. d4 d5 3. c4 e6 4. Nc3 Be7 5. Bg5 0-0 6. e3 h6 7. Bh4 b6 8. cxd5 exd5 9. Bd3 Bb7 10. Rc1 Nbd7 11. 0-0 Rc8 12. Nb5 c5 13. a4 a6 14. Nc3 Ne4 15. Bxe7 Qxe7 16. Qe2 Nxc3 17. Rxc3 c4 18. Bc2 b5 19. axb5 axb5 20. Ra3 Ra8 21. Rfa1 Rxa3 22. Rxa3 Ra8 23. Rxa8+ Bxa8 24. Bb1 Bc6 25. Qc2 g6 26. h4 h5 27. g3 Qe4 28. Ng5 Qxc2 29. Bxc2 b4 30. e4 b3 31. Bb1 dxe4 32. Nxe4 Bxe4 33. Bxe4 Nb6 34. Bc6 f5 35. Bb5 Kf7 36. Kf1 Ke6 37. Ke1 Kd5 38. Kd2 Kxd4 39. Be8 Nd5 40. Bxg6 c3+ 41. bxc3+ Nxc3 42. Bxf5 b2 43. f3 1/2-1/2